Molecules through time : (Record no. 158804)

MARC details
000 -LEADER
fixed length control field 00986nam a2200253 a 4500
008 - FIXED-LENGTH DATA ELEMENTS--GENERAL INFORMATION
fixed length control field
020 ## - INTERNATIONAL STANDARD BOOK NUMBER
International Standard Book Number 0854034455(pbk.)
049 ## - LOCAL HOLDINGS (OCLC)
Holding library MAIN
090 ## - LOCALLY ASSIGNED LC-TYPE CALL NUMBER (OCLC); LOCAL CALL NUMBER (RLIN)
Classification number (OCLC) (R) ; Classification number, CALL (RLIN) (NR) QP517.F66
003 - CONTROL NUMBER IDENTIFIER
control field
005 - DATE AND TIME OF LATEST TRANSACTION
control field 20230123134029.0
040 ## - CATALOGING SOURCE
Transcribing agency NUST
110 2# - MAIN ENTRY--CORPORATE NAME
Corporate name or jurisdiction name as entry element Royal Society (Great Britain).
Subordinate unit Discussion Meeting
Date of meeting or treaty signing (1991 :
Location of meeting London, England?).
245 10 - TITLE STATEMENT
Title Molecules through time :
Remainder of title fossil molecules and biochemical systematics : proceedings of a Royal Society Discussion Meeting on biomolecular palaeontology held on 20 and 21 March 1991 /
Statement of responsibility, etc. organized and edited by G. Eglinton and G.B. Curry.
260 ## - PUBLICATION, DISTRIBUTION, ETC.
Place of publication, distribution, etc. London :
Name of publisher, distributor, etc. Royal Society,
Date of publication, distribution, etc. 1991.
300 ## - PHYSICAL DESCRIPTION
Extent 433 p. :
Other physical details ill. ;
Dimensions 30 cm.
504 ## - BIBLIOGRAPHY, ETC. NOTE
Bibliography, etc. note Includes bibliographical references.
650 #0 - SUBJECT ADDED ENTRY--TOPICAL TERM
Topical term or geographic name entry element Biomolecules, Fossil
Form subdivision Congresses.
650 #0 - SUBJECT ADDED ENTRY--TOPICAL TERM
Topical term or geographic name entry element DNA, Fossil
Form subdivision Congresses.
700 1# - ADDED ENTRY--PERSONAL NAME
Personal name Eglinton, G.
700 1# - ADDED ENTRY--PERSONAL NAME
Personal name Curry, Gordon B.
907 ## - LOCAL DATA ELEMENT G, LDG (RLIN)
a .b10167079
b 13-07-05
c 05-07-05
942 ## - ADDED ENTRY ELEMENTS (KOHA)
Koha item type Ordinary Loan Books
Call number prefix QP517.F66
Holdings
Date last seen Total Checkouts Full call number Barcode Cost, replacement price Price effective from Koha item type Lost status Source of classification or shelving scheme Damaged status Not for loan Collection Withdrawn status Home library Current library Shelving location Date acquired Cost, normal purchase price
01/23/2023 1 QP517.F66 MOL 92003005714 80.00 01/23/2023 BOOKS   LCC     NFIC   MAIN MAIN GEN 01/23/2023 80.00